[Event "Vitoria op 1st"]
[Site "Vitoria"]
[Date "2006.09.08"]
[Round "4"]
[White "Matsuura, Everaldo"]
[Black "Delgado Ramirez, Neuris"]
[Result "1/2-1/2"]
[WhiteElo "2445"]
[BlackElo "2523"]
[PlyCount "30"]
[EventDate "2006.09.07"]
[EventType "swiss"]
[EventRounds "7"]
[EventCountry "BRA"]
[SourceTitle "CBM 114 Extra"]
[Source "ChessBase"]
[SourceDate "2006.11.03"]
[SourceVersion "1"]
[SourceVersionDate "2006.11.03"]
[SourceQuality "1"]

1. e4 c5 2. c3 Nf6 3. e5 Nd5 4. d4 cxd4 5. Nf3 e6 6. cxd4 d6 7. Bc4 Nb6 8. Bb3
dxe5 9. Nxe5 Nc6 10. Nxc6 bxc6 11. O-O Be7 12. Nc3 O-O 13. Ne4 Nd5 14. Bd2 Qb6
15. Bc3 Ba6 1/2-1/2

[Event "Vitoria op 1st"]
[Site "Vitoria"]
[Date "2006.09.09"]
[Round "5"]
[White "Delgado Ramirez, Neuris"]
[Black "Di Berardino, Diego Rafael"]
[Result "1-0"]
[WhiteElo "2523"]
[BlackElo "2370"]
[PlyCount "75"]
[EventDate "2006.09.07"]
[EventType "swiss"]
[EventRounds "7"]
[EventCountry "BRA"]
[SourceTitle "CBM 114 Extra"]
[Source "ChessBase"]
[SourceDate "2006.11.03"]
[SourceVersion "1"]
[SourceVersionDate "2006.11.03"]
[SourceQuality "1"]

1. e4 c5 2. Nf3 d6 3. Bc4 e6 4. Bb3 Nf6 5. d3 Nc6 6. c3 Be7 7. O-O O-O 8. Re1
h6 9. d4 e5 10. h3 Re8 11. dxc5 dxc5 12. Nbd2 Qc7 13. Nf1 Be6 14. Bxe6 fxe6 15.
Qb3 Bf8 16. Ne3 a6 17. Ng4 Nd7 18. Qd1 Rad8 19. Qe2 b5 20. Be3 c4 21. b4 cxb3
22. axb3 b4 23. cxb4 Nxb4 24. Rac1 Qb7 25. Rc4 Qb5 26. Rd1 h5 27. Ngh2 Nf6 28.
Rxd8 Rxd8 29. Ng5 Rd3 30. Rc8 Qd7 31. Rc1 Rxb3 32. Nhf3 Nd3 33. Rd1 Qb5 34. Qc2
Nf4 35. Bxf4 exf4 36. e5 Rb2 37. Qg6 Qe8 38. Qd3 1-0

[Event "Vitoria op 1st"]
[Site "Vitoria"]
[Date "2006.09.09"]
[Round "6"]
[White "Vescovi, Giovanni P"]
[Black "Delgado Ramirez, Neuris"]
[Result "1-0"]
[WhiteElo "2619"]
[BlackElo "2523"]
[PlyCount "73"]
[EventDate "2006.09.07"]
[EventType "swiss"]
[EventRounds "7"]
[EventCountry "BRA"]
[SourceTitle "CBM 114 Extra"]
[Source "ChessBase"]
[SourceDate "2006.11.03"]
[SourceVersion "1"]
[SourceVersionDate "2006.11.03"]
[SourceQuality "1"]

1. d4 Nf6 2. Nf3 e6 3. Bg5 c5 4. e3 h6 5. Bh4 b6 6. Nbd2 Be7 7. Bd3 Bb7 8. O-O
Nc6 9. c3 O-O 10. Qe2 Nh5 11. Bxe7 Qxe7 12. Ne5 Nf6 13. f4 d6 14. Nxc6 Bxc6 15.
e4 cxd4 16. cxd4 Rfc8 17. e5 Ne8 18. f5 dxe5 19. fxe6 Qxe6 20. Bf5 Qd5 21. Bxc8
Qxd4+ 22. Qf2 Qxf2+ 23. Rxf2 Rxc8 24. Rc1 f6 25. Nb3 Bd7 26. Rxc8 Bxc8 27. Rd2
Be6 28. Rd8 Kf7 29. Ra8 Nd6 30. Rxa7+ Kg6 31. Nd2 e4 32. Re7 Kf5 33. a4 g5 34.
b4 Ke5 35. a5 bxa5 36. bxa5 g4 37. Nxe4 1-0

[Event "Vitoria op 1st"]
[Site "Vitoria"]
[Date "2006.09.10"]
[Round "7"]
[White "Delgado Ramirez, Neuris"]
[Black "Molina, Roberto Junio Brito"]
[Result "1-0"]
[WhiteElo "2523"]
[BlackElo "2295"]
[PlyCount "57"]
[EventDate "2006.09.07"]
[EventType "swiss"]
[EventRounds "7"]
[EventCountry "BRA"]
[SourceTitle "CBM 114 Extra"]
[Source "ChessBase"]
[SourceDate "2006.11.03"]
[SourceVersion "1"]
[SourceVersionDate "2006.11.03"]
[SourceQuality "1"]

1. e4 c6 2. c4 d5 3. cxd5 cxd5 4. exd5 Nf6 5. Qa4+ Nbd7 6. Nc3 g6 7. Nf3 Bg7 8.
Qb3 O-O 9. Bc4 Nb6 10. d3 Nxc4 11. dxc4 e6 12. O-O exd5 13. cxd5 b6 14. Bf4 Bb7
15. Rfd1 Qd7 16. Bg3 Rfd8 17. Ne5 Qf5 18. Nc6 Rd7 19. Re1 Kh8 20. Re5 Qd3 21.
Rd1 Qa6 22. Nb4 Qa5 23. d6 b5 24. Rxb5 Qd8 25. Nbd5 Bc6 26. Nxf6 Bxf6 27. Rc5
Rb8 28. Qc4 Ba8 29. b4 1-0

[Event "Sao Paulo Itau Cup 10th"]
[Site "Sao Paulo"]
[Date "2006.09.24"]
[Round "2"]
[White "Delgado Ramirez, Neuris"]
[Black "Lima, Luiz Alexandre de S"]
[Result "1-0"]
[WhiteElo "2523"]
[BlackElo "2091"]
[PlyCount "83"]
[EventDate "2006.09.23"]
[EventType "swiss"]
[EventRounds "9"]
[EventCountry "BRA"]
[SourceTitle "CBM 114 Extra"]
[Source "ChessBase"]
[SourceDate "2006.11.03"]
[SourceVersion "1"]
[SourceVersionDate "2006.11.03"]
[SourceQuality "1"]

1. e4 c5 2. Nf3 a6 3. Nc3 Nc6 4. g3 g6 5. Bg2 Bg7 6. d3 d6 7. Be3 Nf6 8. h3 Bd7
9. Qd2 b5 10. O-O O-O 11. Ne1 Qc8 12. Kh2 e6 13. Bh6 b4 14. Nd1 Na5 15. Bxg7
Kxg7 16. f4 Nc6 17. Ne3 Rb8 18. g4 Qc7 19. Qf2 h5 20. g5 Ng8 21. Qg3 Nge7 22.
Nf3 Nd4 23. Nh4 Qc8 24. c3 bxc3 25. bxc3 Ndc6 26. Nc4 d5 27. Nd6 Qd8 28. f5
exf5 29. exd5 Na7 30. Rae1 Ng8 31. Rf2 Nb5 32. Nxb5 axb5 33. Rfe2 b4 34. c4 b3
35. axb3 Rxb3 36. d6 Kh7 37. Bd5 f4 38. Qxf4 Rxd3 39. Re7 Rxh3+ 40. Kg1 Rxh4
41. Qxh4 Be6 42. R1xe6 1-0

[Event "Sao Paulo Itau Cup 10th"]
[Site "Sao Paulo"]
[Date "2006.09.24"]
[Round "3"]
[White "Lapertosa Viana, Julio"]
[Black "Delgado Ramirez, Neuris"]
[Result "0-1"]
[WhiteElo "2172"]
[BlackElo "2523"]
[PlyCount "60"]
[EventDate "2006.09.23"]
[EventType "swiss"]
[EventRounds "9"]
[EventCountry "BRA"]
[SourceTitle "CBM 114 Extra"]
[Source "ChessBase"]
[SourceDate "2006.11.03"]
[SourceVersion "1"]
[SourceVersionDate "2006.11.03"]
[SourceQuality "1"]

1. e4 c5 2. Nf3 Nc6 3. d4 cxd4 4. Nxd4 Nf6 5. Nc3 d6 6. Bg5 Qa5 7. Bxf6 gxf6 8.
Nxc6 bxc6 9. Bc4 Rb8 10. O-O Rxb2 11. Qd3 Rb6 12. f4 Bg7 13. f5 h5 14. Kh1 h4
15. Rf3 Bh6 16. Rd1 Bg5 17. Ne2 Ba6 18. a3 Bxc4 19. Qxc4 Qb5 20. Qd3 Qxd3 21.
cxd3 Kd7 22. d4 Rhb8 23. g3 Rb2 24. Nf4 hxg3 25. hxg3 Bxf4 26. gxf4 Rh8+ 27.
Kg1 Rhh2 28. Rc3 Rbg2+ 29. Kf1 Rg4 30. Rdc1 Rxf4+ 0-1

[Event "Sao Paulo Itau Cup 10th"]
[Site "Sao Paulo"]
[Date "2006.09.25"]
[Round "4"]
[White "Delgado Ramirez, Neuris"]
[Black "Van Riemsdijk, Herman Claudius"]
[Result "1-0"]
[WhiteElo "2523"]
[BlackElo "2376"]
[PlyCount "95"]
[EventDate "2006.09.23"]
[EventType "swiss"]
[EventRounds "9"]
[EventCountry "BRA"]
[SourceTitle "CBM 114 Extra"]
[Source "ChessBase"]
[SourceDate "2006.11.03"]
[SourceVersion "1"]
[SourceVersionDate "2006.11.03"]
[SourceQuality "1"]

1. d4 Nf6 2. Bg5 Ne4 3. Bf4 c5 4. f3 Qa5+ 5. c3 Nf6 6. d5 Qb6 7. b3 e6 8. e4
exd5 9. exd5 Bd6 10. Bg5 O-O 11. Bc4 Be5 12. Ne2 Re8 13. O-O h6 14. Bh4 Nh7 15.
Nd2 d6 16. Bf2 Nd7 17. Bd3 Qc7 18. Qc2 Nhf8 19. Rae1 b6 20. c4 Bb7 21. f4 Bf6
22. g4 g6 23. h4 Bg7 24. g5 hxg5 25. hxg5 Re7 26. Nc3 Rae8 27. Nb5 Qb8 28. Ne4
f5 29. Nexd6 Rxe1 30. Bxe1 Re7 31. Nxb7 Qxb7 32. Bf2 Qb8 33. Qd2 a6 34. Na3 Bc3
35. Qxc3 Qxf4 36. Bc2 Ne5 37. Qg3 Qd2 38. d6 Qxd6 39. Rd1 Qc6 40. Rd5 Nf7 41.
Nb1 Nh7 42. Bxf5 Nhxg5 43. Bd3 Qf6 44. Nd2 Ne5 45. Ne4 Ngf3+ 46. Kg2 Qf8 47.
Be2 Rh7 48. Rxe5 1-0

[Event "Sao Paulo Itau Cup 10th"]
[Site "Sao Paulo"]
[Date "2006.09.26"]
[Round "5"]
[White "Prates, Fabiano Fortes"]
[Black "Delgado Ramirez, Neuris"]
[Result "0-1"]
[WhiteElo "2274"]
[BlackElo "2523"]
[PlyCount "132"]
[EventDate "2006.09.23"]
[EventType "swiss"]
[EventRounds "9"]
[EventCountry "BRA"]
[SourceTitle "CBM 114 Extra"]
[Source "ChessBase"]
[SourceDate "2006.11.03"]
[SourceVersion "1"]
[SourceVersionDate "2006.11.03"]
[SourceQuality "1"]

1. e4 c5 2. Na3 g6 3. c3 Bg7 4. f4 Nc6 5. d3 d5 6. Qf3 e6 7. Nh3 Qa5 8. Bd2
Nge7 9. Be2 O-O 10. g4 Rd8 11. Qf2 f5 12. gxf5 exf5 13. e5 Qb6 14. Rb1 d4 15.
c4 h6 16. Nb5 Be6 17. Qg2 a6 18. Nd6 Qc7 19. Rg1 Rxd6 20. exd6 Qxd6 21. Kf2 Bf6
22. Rgc1 Kh7 23. Kg1 Rg8 24. Kh1 b5 25. b3 Rb8 26. Rg1 a5 27. a3 Bf7 28. Bf3
Qc7 29. Qe2 Rb6 30. Rge1 Qb8 31. Qd1 Qd6 32. Qc2 b4 33. a4 Nd8 34. Rg1 Ne6 35.
Rbf1 Rb8 36. Rg2 Rg8 37. Rfg1 Rg7 38. Qd1 Ng8 39. Qe1 Bd8 40. Qg3 Nf6 41. Re2
Be8 42. Qg2 Bd7 43. Rge1 Bc7 44. Qg3 Bd8 45. Bg2 Ng4 46. Nf2 Nf6 47. Qf3 Bc7
48. Re5 Nd8 49. R5e2 g5 50. Rg1 Ne6 51. Re5 Nf8 52. Qh3 g4 53. Qg3 Ng6 54. Rd5
Nxd5 55. Bxd5 Nxf4 56. Re1 Nxd5 57. cxd5 Rg8 58. Kg1 Re8 59. Nh1 Rxe1+ 60. Bxe1
f4 61. Qh4 Bf5 62. Nf2 g3 63. hxg3 fxg3 64. Nh1 Bd8 65. Bxg3 c4 66. bxc4 b3 0-1

[Event "Sao Paulo Itau Cup 10th"]
[Site "Sao Paulo"]
[Date "2006.09.27"]
[Round "6"]
[White "Delgado Ramirez, Neuris"]
[Black "Vescovi, Giovanni P"]
[Result "1/2-1/2"]
[WhiteElo "2523"]
[BlackElo "2619"]
[PlyCount "103"]
[EventDate "2006.09.23"]
[EventType "swiss"]
[EventRounds "9"]
[EventCountry "BRA"]
[SourceTitle "CBM 114 Extra"]
[Source "ChessBase"]
[SourceDate "2006.11.03"]
[SourceVersion "1"]
[SourceVersionDate "2006.11.03"]
[SourceQuality "1"]

1. e4 e5 2. Nf3 Nc6 3. Bb5 a6 4. Ba4 Nf6 5. d3 d6 6. c3 Be7 7. O-O Bg4 8. Nbd2
O-O 9. Re1 Nd7 10. h3 Bh5 11. Nf1 Nc5 12. Bxc6 bxc6 13. Ng3 Bxf3 14. Qxf3 Ne6
15. Be3 c5 16. Rad1 Bg5 17. Ne2 Bxe3 18. Qxe3 Rb8 19. b3 Qg5 20. Qxg5 Nxg5 21.
f4 exf4 22. Nxf4 Rfe8 23. Nd5 Ne6 24. Ne3 f6 25. Nc4 Kf7 26. Kf2 Nf8 27. d4
cxd4 28. cxd4 Rb5 29. Nd2 Ke7 30. Nf3 Kd7 31. d5 Ra5 32. Rd2 Ng6 33. Nd4 Ne7
34. Rc2 Rc8 35. a4 c6 36. dxc6+ Nxc6 37. Rec1 Rc5 38. Rxc5 dxc5 39. Rxc5 Nxd4
40. Rd5+ Ke6 41. Rxd4 Rc2+ 42. Kg1 Rb2 43. Rb4 Ke5 44. Rb7 g5 45. Rxh7 Kxe4 46.
Ra7 Rxb3 47. Rxa6 f5 48. Ra8 Kf4 49. Kh2 Ra3 50. a5 Ra1 51. a6 Rb1 52. a7
1/2-1/2

[Event "Sao Paulo Itau Cup 10th"]
[Site "Sao Paulo"]
[Date "2006.09.28"]
[Round "7"]
[White "Milos, Gilberto"]
[Black "Delgado Ramirez, Neuris"]
[Result "1/2-1/2"]
[WhiteElo "2563"]
[BlackElo "2523"]
[PlyCount "71"]
[EventDate "2006.09.23"]
[EventType "swiss"]
[EventRounds "9"]
[EventCountry "BRA"]
[SourceTitle "CBM 114 Extra"]
[Source "ChessBase"]
[SourceDate "2006.11.03"]
[SourceVersion "1"]
[SourceVersionDate "2006.11.03"]
[SourceQuality "1"]

1. Nf3 Nf6 2. c4 e6 3. Nc3 Bb4 4. Qc2 b6 5. a3 Bxc3 6. Qxc3 Bb7 7. b4 d6 8. Bb2
c5 9. g3 Nc6 10. Bg2 Nd4 11. d3 O-O 12. e4 e5 13. Nxd4 cxd4 14. Qb3 a5 15. O-O
Qc7 16. Rae1 axb4 17. axb4 Ra7 18. Ra1 Rfa8 19. Rxa7 Rxa7 20. Ra1 Rxa1+ 21.
Bxa1 b5 22. f3 g5 23. Bb2 bxc4 24. dxc4 Bc8 25. Bc1 h6 26. h4 gxh4 27. gxh4 Be6
28. Bxh6 Kh7 29. Bd2 Bxc4 30. Qa4 Be6 31. b5 Nd7 32. f4 d3 33. f5 Qc5+ 34. Kh2
Qf2 35. fxe6 Qxd2 36. exf7 1/2-1/2

[Event "Sao Paulo Itau Cup 10th"]
[Site "Sao Paulo"]
[Date "2006.09.29"]
[Round "8"]
[White "Delgado Ramirez, Neuris"]
[Black "Rodriguez Vila, Andres"]
[Result "1-0"]
[WhiteElo "2523"]
[BlackElo "2511"]
[PlyCount "59"]
[EventDate "2006.09.23"]
[EventType "swiss"]
[EventRounds "9"]
[EventCountry "BRA"]
[SourceTitle "CBM 114 Extra"]
[Source "ChessBase"]
[SourceDate "2006.11.03"]
[SourceVersion "1"]
[SourceVersionDate "2006.11.03"]
[SourceQuality "1"]

1. e4 e6 2. d4 d5 3. Nd2 Be7 4. Ngf3 Nf6 5. Bd3 c5 6. exd5 Qxd5 7. dxc5 Bxc5 8.
Nb3 Bb6 9. Qe2 Nc6 10. Bf4 Nb4 11. Bb5+ Bd7 12. Bxd7+ Nxd7 13. O-O Qf5 14. Bd6
Nc6 15. Rad1 a6 16. Rfe1 Nf6 17. c4 O-O-O 18. c5 Bc7 19. Qc4 Ne8 20. Nbd4 Nxd4
21. Rxd4 Kb8 22. Be5 Rxd4 23. Qxd4 Nf6 24. c6 Nd5 25. Bxc7+ Nxc7 26. Ne5 Nd5
27. Nd7+ Kc8 28. cxb7+ Kxb7 29. Nc5+ Ka8 30. Qa4 1-0

[Event "Sao Paulo Itau Cup 10th"]
[Site "Sao Paulo"]
[Date "2006.09.30"]
[Round "9"]
[White "Santos, Marcus Vinicius M"]
[Black "Delgado Ramirez, Neuris"]
[Result "0-1"]
[WhiteElo "2416"]
[BlackElo "2523"]
[PlyCount "64"]
[EventDate "2006.09.23"]
[EventType "swiss"]
[EventRounds "9"]
[EventCountry "BRA"]
[SourceTitle "CBM 114 Extra"]
[Source "ChessBase"]
[SourceDate "2006.11.03"]
[SourceVersion "1"]
[SourceVersionDate "2006.11.03"]
[SourceQuality "1"]

1. d4 Nf6 2. c4 e6 3. Nc3 Bb4 4. e3 b6 5. a3 Bxc3+ 6. bxc3 Bb7 7. f3 Nh5 8. Nh3
f5 9. Bd3 Qh4+ 10. Nf2 O-O 11. O-O Nc6 12. e4 Nf4 13. Bxf4 Qxf4 14. e5 Ne7 15.
Qe2 Qh4 16. Rad1 Ng6 17. Nh3 Nf4 18. Nxf4 Qxf4 19. d5 Rae8 20. g3 Qg5 21. Bc2
f4 22. g4 exd5 23. Rfe1 h5 24. cxd5 hxg4 25. Kh1 gxf3 26. Qxf3 Rxe5 27. Rg1 Qh5
28. Qg2 g5 29. c4 d6 30. Rd2 Bc8 31. Bd1 f3 32. Qg3 Bh3 0-1

[Event "Capablanca Memorial op 41st"]
[Site "Havana"]
[Date "2006.11.21"]
[Round "1"]
[White "Delgado Ramirez, Neuris"]
[Black "Perez Mitjans, Orelvis"]
[Result "0-1"]
[WhiteElo "2534"]
[BlackElo "2415"]
[PlyCount "102"]
[EventDate "2006.11.21"]
[EventType "swiss"]
[EventRounds "10"]
[EventCountry "CUB"]
[SourceTitle "CBM 115 Extra"]
[Source "ChessBase"]
[SourceDate "2007.01.10"]
[SourceVersion "1"]
[SourceVersionDate "2007.01.10"]
[SourceQuality "1"]

1. e4 c5 2. Nf3 d6 3. Bb5+ Nd7 4. c3 Ngf6 5. Qe2 a6 6. Ba4 e6 7. O-O Be7 8. d4
O-O 9. Bc2 Re8 10. Bg5 Qc7 11. Nbd2 cxd4 12. Nxd4 b5 13. f4 Bb7 14. Rae1 h6 15.
Bh4 Nxe4 16. Bxe7 Nxd2 17. Qd3 Ne4 18. Rxe4 Nc5 19. Nxe6 fxe6 20. Rc4 bxc4 21.
Qh7+ Kf7 22. Bh4 Be4 23. Bxe4 Nxe4 24. Qxe4 Kg8 25. Bf2 Rab8 26. Qe2 Rb5 27.
Bd4 e5 28. f5 Reb8 29. Be3 Rxb2 30. Qg4 Rb1 31. Bc1 d5 32. h4 Rf8 33. Kh2 Rf6
34. Qe2 Rb8 35. g4 Rff8 36. Qf2 Qf7 37. Rd1 Rbd8 38. Qg3 Rfe8 39. Qg2 h5 40.
Bg5 Rd6 41. gxh5 Qxf5 42. h6 e4 43. Rf1 Qg6 44. hxg7 Qxg7 45. Rg1 Rg6 46. h5
Qe5+ 47. Kh1 Rg7 48. Qg4 Qe6 49. Qh4 Kh7 50. h6 Rg6 51. Rf1 e3 0-1

[Event "Capablanca Memorial op 41st"]
[Site "Havana"]
[Date "2006.11.22"]
[Round "2"]
[White "Diaz Ordonez, Ciro"]
[Black "Delgado Ramirez, Neuris"]
[Result "0-1"]
[WhiteElo "2257"]
[BlackElo "2534"]
[PlyCount "100"]
[EventDate "2006.11.21"]
[EventType "swiss"]
[EventRounds "10"]
[EventCountry "CUB"]
[SourceTitle "CBM 115 Extra"]
[Source "ChessBase"]
[SourceDate "2007.01.10"]
[SourceVersion "1"]
[SourceVersionDate "2007.01.10"]
[SourceQuality "1"]

1. e4 c5 2. Nf3 Nc6 3. d4 cxd4 4. Nxd4 Nf6 5. Nc3 d6 6. Bc4 e6 7. Bb3 Bd7 8.
Ndb5 Qb8 9. Bf4 Ne5 10. a4 Be7 11. Bg3 a6 12. Nd4 g5 13. Qe2 Qc7 14. O-O-O Qc5
15. h4 gxh4 16. Bxh4 b5 17. f4 Ng6 18. Bg3 bxa4 19. Bxa4 Bxa4 20. Nxa4 Qb4 21.
Nc3 Rb8 22. Nb3 Nd7 23. Qxa6 Nc5 24. Qe2 Nxb3+ 25. cxb3 Qxb3 26. Qc2 Qb6 27.
Bf2 Qa6 28. g3 O-O 29. Kd2 Rfc8 30. Ra1 Qb7 31. Rhb1 Bf6 32. Qd3 Qxb2+ 33. Rxb2
Rxb2+ 34. Ke1 Bxc3+ 35. Kf1 Rxf2+ 36. Kxf2 Bxa1 37. Qxd6 Bf6 38. Qd2 Kg7 39.
Qe2 Rc5 40. Kg2 h6 41. Kh2 e5 42. Qg4 Rc2+ 43. Kh3 Rc1 44. Kh2 h5 45. Qxh5 exf4
46. gxf4 Nxf4 47. Qg4+ Ng6 48. Kg2 Bd4 49. Kf3 Rf1+ 50. Ke2 Rf4 0-1

[Event "Capablanca Memorial op 41st"]
[Site "Havana"]
[Date "2006.11.23"]
[Round "3"]
[White "Delgado Ramirez, Neuris"]
[Black "Barrientos Chavarriaga, Sergio E"]
[Result "1-0"]
[WhiteElo "2534"]
[BlackElo "2421"]
[PlyCount "89"]
[EventDate "2006.11.21"]
[EventType "swiss"]
[EventRounds "10"]
[EventCountry "CUB"]
[SourceTitle "CBM 115 Extra"]
[Source "ChessBase"]
[SourceDate "2007.01.10"]
[SourceVersion "1"]
[SourceVersionDate "2007.01.10"]
[SourceQuality "1"]

1. e4 c5 2. Nf3 Nc6 3. Bb5 d6 4. Bxc6+ bxc6 5. O-O Bg4 6. d3 Nf6 7. Nbd2 Nd7 8.
Nc4 e6 9. h3 Bh5 10. Bf4 Nb6 11. g4 Bg6 12. Nfd2 Be7 13. Bg3 O-O 14. f4 f5 15.
Qe2 Qd7 16. Rae1 Rae8 17. b3 Bd8 18. e5 Nxc4 19. Nxc4 d5 20. Nd6 Ba5 21. Nxe8
Bxe1 22. Qxe1 Bxe8 23. g5 Bh5 24. Qc3 Qe7 25. Kh2 Rb8 26. Bf2 d4 27. Qa5 Be2
28. Re1 Bf3 29. Qa3 Rb4 30. Qa6 Qe8 31. Qxa7 Bd5 32. g6 hxg6 33. Rg1 Kh7 34.
Qxc5 Qb8 35. Be1 Rb7 36. Qxd4 Qf8 37. Qf2 c5 38. Qh4+ Kg8 39. Rxg6 Rd7 40. Qf2
Kf7 41. Rg1 Bb7 42. Qg3 Kg8 43. Qg6 Qf7 44. Qxf7+ Kxf7 45. Bf2 1-0

[Event "Capablanca Memorial op 41st"]
[Site "Havana"]
[Date "2006.11.24"]
[Round "4"]
[White "Prasca Sosa, Raphael Felipe"]
[Black "Delgado Ramirez, Neuris"]
[Result "0-1"]
[WhiteElo "2448"]
[BlackElo "2534"]
[PlyCount "102"]
[EventDate "2006.11.21"]
[EventType "swiss"]
[EventRounds "10"]
[EventCountry "CUB"]
[SourceTitle "CBM 115 Extra"]
[Source "ChessBase"]
[SourceDate "2007.01.10"]
[SourceVersion "1"]
[SourceVersionDate "2007.01.10"]
[SourceQuality "1"]

1. e4 c5 2. Nf3 Nc6 3. d4 cxd4 4. Nxd4 Nf6 5. Nc3 d6 6. g3 e5 7. Nb3 Bg4 8. f3
Be6 9. Nd5 Be7 10. Be3 Bxd5 11. exd5 Nb4 12. c4 a5 13. Be2 b6 14. O-O Nd7 15.
Qb1 O-O 16. Nc1 Bg5 17. Bf2 Na6 18. b3 Nac5 19. Qc2 f5 20. Rb1 Qe7 21. a3 e4
22. b4 exf3 23. Bxf3 Ne4 24. Re1 Ne5 25. Bxe4 fxe4 26. Rxe4 Rae8 27. Kg2 Qf6
28. Qe2 Qg6 29. Bg1 Be3 30. Rxe3 Qxb1 31. Nd3 axb4 32. Nxe5 dxe5 33. d6 b3 34.
Rd3 b2 35. Rb3 Qg6 36. Rxb2 Qxd6 37. Rxb6 Qxa3 38. c5 e4 39. Be3 Rf3 40. Qc4+
Kh8 41. Bf4 Rxf4 42. gxf4 Qf3+ 43. Kg1 e3 44. Qf1 Qg4+ 45. Kh1 e2 46. Qe1 Qf3+
47. Kg1 Qe3+ 48. Kg2 Qxc5 49. Rb1 Qd5+ 50. Kg1 Qd4+ 51. Kg2 Qe4+ 0-1

[Event "Capablanca Memorial op 41st"]
[Site "Havana"]
[Date "2006.11.25"]
[Round "5"]
[White "Delgado Ramirez, Neuris"]
[Black "Escobar Forero, Alder"]
[Result "1-0"]
[WhiteElo "2534"]
[BlackElo "2457"]
[PlyCount "57"]
[EventDate "2006.11.21"]
[EventType "swiss"]
[EventRounds "10"]
[EventCountry "CUB"]
[SourceTitle "CBM 115 Extra"]
[Source "ChessBase"]
[SourceDate "2007.01.10"]
[SourceVersion "1"]
[SourceVersionDate "2007.01.10"]
[SourceQuality "1"]

1. d4 d5 2. Bg5 Nd7 3. Nf3 Ngf6 4. e3 e6 5. Bd3 c5 6. Nbd2 Be7 7. c3 a6 8. O-O
O-O 9. Ne5 Nxe5 10. dxe5 Nd7 11. Bf4 b5 12. a4 Rb8 13. axb5 axb5 14. b4 d4 15.
cxd4 cxd4 16. Ne4 dxe3 17. fxe3 Bb7 18. Qg4 g6 19. Rad1 Qb6 20. Qg3 Bxb4 21.
Bh6 Bxe4 22. Bxe4 Qc7 23. Qh4 Rfe8 24. Bxg6 fxg6 25. Qxb4 Rbc8 26. Rd2 Nxe5 27.
Rdf2 Qd8 28. Qf4 Qd6 29. Qf6 1-0

[Event "Capablanca Memorial op 41st"]
[Site "Havana"]
[Date "2006.11.26"]
[Round "6"]
[White "Delgado Ramirez, Neuris"]
[Black "Borges Matos, Juan R"]
[Result "1/2-1/2"]
[WhiteElo "2534"]
[BlackElo "2431"]
[PlyCount "123"]
[EventDate "2006.11.21"]
[EventType "swiss"]
[EventRounds "10"]
[EventCountry "CUB"]
[SourceTitle "CBM 115 Extra"]
[Source "ChessBase"]
[SourceDate "2007.01.10"]
[SourceVersion "1"]
[SourceVersionDate "2007.01.10"]
[SourceQuality "1"]

1. e4 c5 2. Nf3 e6 3. b3 a6 4. Bb2 Nc6 5. g3 d6 6. Bg2 Qc7 7. O-O Nf6 8. Qe2
Be7 9. d4 cxd4 10. Nxd4 Bd7 11. c4 O-O 12. Nc2 b5 13. Nd2 Rab8 14. Ne3 Rfc8 15.
Rac1 Qa5 16. a3 Be8 17. Rfd1 Nd7 18. f4 b4 19. a4 Bf6 20. Ndf1 Bxb2 21. Qxb2
Qc7 22. Kh1 Nc5 23. Qc2 Na5 24. Rb1 Qb6 25. f5 Naxb3 26. f6 Bxa4 27. Qf2 Nd7
28. fxg7 Nbc5 29. Ng4 Kxg7 30. Qf4 Bxd1 31. Rxd1 b3 32. Nfe3 b2 33. Qh6+ Kg8
34. Rb1 Qd8 35. Qf4 Qe7 36. Nh6+ Kf8 37. Qg4 Nf6 38. Qg5 Nd3 39. Neg4 Rc5 40.
e5 Rxe5 41. Nxe5 dxe5 42. h4 Rc8 43. Kh2 Rxc4 44. Qd2 Rd4 45. Qe3 Ng8 46. Be4
Nc5 47. Bxh7 Nf6 48. Qxe5 Rd5 49. Qxb2 Rh5 50. Ng8 Nxg8 51. Qh8 Qd6 52. Qxg8+
Ke7 53. Kh3 Nd7 54. Bc2 Rc5 55. Rf1 Ne5 56. Ba4 Qc7 57. Qe8+ Kd6 58. Qf8+ Qe7
59. Qb8+ Qc7 60. Qf8+ Qe7 61. Qb8+ Qc7 62. Qf8+ 1/2-1/2

[Event "Capablanca Memorial op 41st"]
[Site "Havana"]
[Date "2006.11.27"]
[Round "7"]
[White "Zambrana, Oswaldo"]
[Black "Delgado Ramirez, Neuris"]
[Result "1/2-1/2"]
[WhiteElo "2427"]
[BlackElo "2534"]
[PlyCount "48"]
[EventDate "2006.11.21"]
[EventType "swiss"]
[EventRounds "10"]
[EventCountry "CUB"]
[SourceTitle "CBM 115 Extra"]
[Source "ChessBase"]
[SourceDate "2007.01.10"]
[SourceVersion "1"]
[SourceVersionDate "2007.01.10"]
[SourceQuality "1"]

1. e4 c5 2. Nf3 Nc6 3. d4 cxd4 4. Nxd4 Nf6 5. Nc3 d6 6. Bg5 e6 7. Qd2 a6 8.
O-O-O Bd7 9. f4 Be7 10. Kb1 b5 11. Bxf6 Bxf6 12. Nxc6 Bxc6 13. Qxd6 Qxd6 14.
Rxd6 Rc8 15. a4 Bxc3 16. bxc3 bxa4 17. Rd4 a5 18. Ba6 Rb8+ 19. Ka1 Ke7 20. Re1
Rb6 21. Bd3 Rhb8 22. Rc4 Bd7 23. e5 h6 24. g3 g5 1/2-1/2

[Event "Capablanca Memorial op 41st"]
[Site "Havana"]
[Date "2006.11.28"]
[Round "8"]
[White "Iturrizaga Bonelli, Eduardo"]
[Black "Delgado Ramirez, Neuris"]
[Result "1-0"]
[WhiteElo "2309"]
[BlackElo "2534"]
[PlyCount "173"]
[EventDate "2006.11.21"]
[EventType "swiss"]
[EventRounds "10"]
[EventCountry "CUB"]
[SourceTitle "CBM 115 Extra"]
[Source "ChessBase"]
[SourceDate "2007.01.10"]
[SourceVersion "1"]
[SourceVersionDate "2007.01.10"]
[SourceQuality "1"]

1. e4 c5 2. Nf3 Nc6 3. d4 cxd4 4. Nxd4 Nf6 5. Nc3 d6 6. Bg5 e6 7. Qd2 Be7 8.
O-O-O Nxd4 9. Qxd4 O-O 10. f4 Qa5 11. Bc4 Bd7 12. e5 dxe5 13. fxe5 Bc6 14. Bd2
Nd7 15. Nd5 Qd8 16. Nxe7+ Qxe7 17. h4 Rfc8 18. h5 Qc5 19. Qxc5 Nxc5 20. Rh4 Rd8
21. Re1 b5 22. Bb4 Nb7 23. Bf1 a5 24. Bd2 Nc5 25. Rg4 Kh8 26. h6 g6 27. Be3 Nd7
28. Bd4 Rab8 29. Bd3 Bd5 30. a3 Rb7 31. Rf1 Kg8 32. Bc3 Ra8 33. Bd4 Nb8 34. Bc5
Nc6 35. Re1 Rc8 36. Bd6 Na7 37. b4 a4 38. Kd2 Rd8 39. Bc5 Bc4 40. Rd4 Rxd4 41.
Bxd4 Nc6 42. Bxc4 Nxd4 43. Bd3 Nf5 44. Rh1 Kf8 45. g4 Nd4 46. Ke3 Nc6 47. Ke4
Ke7 48. Rc1 f6 49. exf6+ Kxf6 50. c4 bxc4 51. Bxc4 Rb6 52. Be2 Nxb4 53. axb4
Rxb4+ 54. Kf3 a3 55. Rc5 e5 56. Ra5 Rb3+ 57. Ke4 Rb4+ 58. Ke3 Rb3+ 59. Bd3 Rb4
60. Be4 Rb3+ 61. Bd3 Rb4 62. Rxa3 Rxg4 63. Ra7 Rh4 64. Rxh7 Kg5 65. Re7 Kf6 66.
Ra7 Rh3+ 67. Ke4 Rh4+ 68. Kf3 Rh3+ 69. Kg4 Rxh6 70. Ra6+ Ke7 71. Bxg6 Rh1 72.
Kf5 Re1 73. Re6+ Kd7 74. Be8+ Kc7 75. Bc6 Kb6 76. Be4+ Kb5 77. Kxe5 Rg1 78. Kd4
Rg7 79. Bd3+ Kb4 80. Rb6+ Ka5 81. Rb5+ Ka4 82. Kc3 Rc7+ 83. Bc4 Rc6 84. Rb2 Ka5
85. Rb1 Rd6 86. Rb5+ Ka4 87. Rc5 1-0